01004cam a22001934a 45000010009000000050017000090080041000260200028000670400018000950500020001131000024001332450050001572500012002072600059002193000049002785000020003275050448003476500015007951194559220210414113858.0000317s2001 txua 001 0 eng  a0030259517 (hard cover) aDLCcDLCdDLC00aHB171.5.M264b 1 aMankiw, N. Gregory.10aPrinciples of economics /cN. Gregory Mankiw. a2nd ed. aFort Worth, TX :bHarcourt College Publishers,cc2001. axlviii, 837 p. :bill. (some col.) ;c27 cm. aIncludes index. aContents: Introduction -- Supply and demand 1: How markets work -- Supply and demand 2: Markets and welfare -- The Economics of the public sector -- Firm behaviour and the organization of industry -- The Economics of labor markets -- Advanced topic -- The Data of macroeconomics -- The Real economy in the long run -- Money and prices in the long run -- The Macroeconomics of open economies -- Short-run economic fluctuations -- Final thought. 0aEconomics.